| 000 | 00642nam a2200205Ia 4500 | ||
|---|---|---|---|
| 003 | OSt | ||
| 005 | 20250217151453.0 | ||
| 008 | 210210b1998 xxu||||| |||| 00| 0 eng d | ||
| 040 | _cAL | ||
| 041 | _aKannada | ||
| 082 | _aK894.9 KART | ||
| 100 |
_aKARNATAKA SAHITYA AKADEMI _9142393 _dಕರ್ನಾಟಕ ಸಾಹಿತ್ಯ ಅಕಾಡೆಮಿ |
||
| 245 |
_aTulu Janapada Kavya _bತುಳು ಜಾನಪದ ಕಾವ್ಯ |
||
| 260 |
_aBengaluru _bKarnataka Sahitya Akademi _c1998 |
||
| 300 | _axx,75 | ||
| 650 |
_aMuttinahara Navada E Vi _9142394 |
||
| 690 |
_aKannada Criticism _9142395 |
||
| 906 | _a053485 | ||
| 942 |
_2ddc _cBK |
||
| 999 |
_c101863 _d101863 |
||